000 01202cam a2200349 a 4500
001 3616
003 FISKH
005 20240328094103.0
008 031001s2003 fr b 000 0 fre
010 _a 2003506567
020 _a2234055520
035 _a(FrPJT)JTL00122280
040 _aDLC
_cDLC
_dDLC
_beng
042 _apcc
050 0 0 _aD16.8
_b.G37 2003
082 0 0 _a901
_222
100 1 _aGauchet, Marcel
245 1 3 _aLa condition historique /
_cMarcel Gauchet ; entretiens avec François Azouvi et Sylvain Piron.
260 _aParis :
_bStock,
_cc2003.
300 _a353 pages ;
_c22 cm.
490 1 _aLes essais
504 _aIncludes bibliographical references.
520 _aMarcel Gauchet deploys an original reflection on the fundamental change which affects the human condition when it becomes a historical condition.
650 0 _aHistory
_xPhilosophy.
650 0 _aHistoriography.
700 1 _aAzouvi, François,
_d1945-
700 1 _aPiron, Sylvain.
830 0 _aEssais (Stock (Firm))
906 _a7
_bcbc
_corigres
_d3
_encip
_f20
_gy-gencatlg
942 _2ddc
_cBK
_n0
999 _c3616
_d3616